000 00641nam a2200193Ia 4500
001 12332
003 GE_BSU
008 181216s||||||||xx |||||||||||||| ||und||
040 _cGE_BSU
080 _a631.811
245 _aВлияние своиств почв и удобрении на качество растении
245 _cПод.ред. Н.С.Авдонина.Ред.Л.П.Ларина
260 _aМосква
260 _bМоск. ун-т
260 _c1972
300 _a239стр.23см.
653 _aВлияние своиств почв и удобрении на качество растении
942 _cBK
999 _c45507
_d45507